Ai in Indian governance and public services (Record no. 525037)

000 -LEADER
fixed length control field 01095nam a22001457a 4500
008 - FIXED-LENGTH DATA ELEMENTS--GENERAL INFORMATION
fixed length control field 240207b ||||| |||| 00| 0 eng d
100 ## - MAIN ENTRY--PERSONAL NAME
Personal name Singh, Abhishek
245 ## - TITLE STATEMENT
Title Ai in Indian governance and public services
260 ## - PUBLICATION, DISTRIBUTION, ETC. (IMPRINT)
Place of publication, distribution, etc Yojana
300 ## - PHYSICAL DESCRIPTION
Extent 68(2), Feb, 2024: p.10-14
520 ## - SUMMARY, ETC.
Summary, etc Recognising the transformative potential of AI, the government of India has undertaken congregate steps to encourage the domestic adoption of AI in responsible manner and build public trust in the use of this technology, placing the idea of’ AI for all” at its very core. Large datasets may be utilized to harness the potential of AI to fuser data-driven perspectives and facilitate the effective development and implementation of robust polices and schemes. As the proliferation of AI in citizen -centric public services accelerates, the imperative for establishing robust ethical guardrails becomes increasingly evident to safeguard against potential misuse and ensure responsible development. – Reproduced
773 ## - HOST ITEM ENTRY
Main entry heading Yojana
906 ## - LOCAL DATA ELEMENT F, LDF (RLIN)
Subject DIP ARTIFICIAL INTELLIGENCE
942 ## - ADDED ENTRY ELEMENTS (KOHA)
Item type Articles
Holdings
Withdrawn status Lost status Source of classification or shelving scheme Damaged status Not for loan Permanent location Current location Date acquired Serial Enumeration / chronology Barcode Date last seen Koha item type
          Indian Institute of Public Administration Indian Institute of Public Administration 2024-02-07 68(2), Feb, 2024: p.10-14 AR130869 2024-02-07 Articles

Powered by Koha